000 00861nam a2200265Ia 4500
003 OSt
005 20220927104209.0
006 a|||||r|||| 00| 0
007 ta
008 220926b |||||||| |||| 00| 0 eng d
024 _a110724
037 _cReference Collections
040 _aRTL
_cRTL
_beng
041 _2eng
_aeng
082 _a"X9(JB).6.N8, M8.2/UN"
110 _aUNITED NATIONS FOOD AND AGRICULTURE ORGANIZATION.
245 0 _aTropical forest resources assesment project
260 _aRome
_bFood and Agriculture Organization
_c1988
490 _vPart 2
500 _a"United Nations, Environment Programme"
650 _aForestry Industry
700 _aUNITED NATIONS FOOD AND AGRICULTURE ORGANIZATION.
942 _h"X9(JB).6.N8, M8.2/UN"
_cCC
999 _c686403
_d686403